| 000 | 00436nam a22001697a 4500 | ||
|---|---|---|---|
| 005 | 20160517153110.0 | ||
| 008 | 160517b xxu||||| |||| 00| 0 eng d | ||
| 020 | _a81-259-0781-5 | ||
| 041 | _aeng | ||
| 082 | _b2559 | ||
| 100 |
_aBiswanath Ghosh _9636 |
||
| 245 | _aHuman Resource Development and Management | ||
| 260 |
_aNew Delhi _bVikas Publishing House (P) Ltd. _c2005 |
||
| 300 | _a351 | ||
| 650 |
_aManagement _9241 |
||
| 942 | _cBK | ||
| 999 |
_c939 _d939 |
||